| 000 | 00361nam a22001337a 4500 | ||
|---|---|---|---|
| 020 | _a978-1-4462-0796-0 | ||
| 082 | _a658.4092 | ||
| 100 | _aSchedlitzki, Doris | ||
| 245 |
_aStudying Leadeship: _bTraditional & Critical Approaches |
||
| 260 |
_aLondon: _bSAGE Publications, _c2014 |
||
| 300 | _axxii, 340p.: ill.; 23cm | ||
| 700 | _aEdwards, Gareth | ||
| 942 | _cBK | ||
| 999 |
_c22197 _d22197 |
||